000 00489nam a2200169 i 4500
001 39113
003 ES-MaACL
005 20230906155907.0
007 t|
008 030227s1970 sp ||||1| cat d
100 1 _aCamps y Arboix, Joaquim de.
_934331
245 1 0 _aHistoria de la solidaridat catalana /
_cJoaquím de Camps i Arboix.
250 _a[1ª ed.].
260 _aBarcelona :
_bDestino,
_c[1970]
300 _a285 p., 15 lám. ;
_c20 cm.
852 _aES-MaACL
_jC-51195
_bR.75983
999 _c39113
_d39113